000 00476nam a2200181 a 4500
001 1773220478155
003 YourLibrary
005 20260311144731.0
008 260311s2008##################000#0#eng##
020 _a9780737734829
082 0 4 _a362.29208350
_bTAR
100 1 _aTardiff, Joseph C.,
_eauthor.
245 1 0 _aTeen Alcoholism :
260 _bGreenhaven Publishing,
_c2008.
650 0 _aAlcoholism.
942 _cENGLISH
040 _aYourLibrary
_beng
_cYourLibrary
999 _c617540
_d617540